| 000 | 00413nam a2200133Ia 4500 | ||
|---|---|---|---|
| 005 | 20260326100036.0 | ||
| 008 | 260326s9999||||xx |||||||||||||| ||und|| | ||
| 100 | _aNavarro, Guadalupe | ||
| 245 | 0 |
_aEl Peatón en el uso de las Ciudades y Espacio Públicos : _b Calles, Plazas y jardines / _cGuadalupe Navarro |
|
| 260 | _bInstituto Nacional de Bellas Artes | ||
| 300 | _a67 p. | ||
| 650 | _aURBANISMO | ||
| 942 | _cBK | ||
| 999 |
_c6791 _d6791 |
||